000 00507nam a22001697a 4500
999 _c8347
_d8347
008 201113b ||||| |||| 00| 0 eng d
040 _aBMS College of Architecture
100 _aMonisha, G M
245 _aSaamarthiya- welfare center
300 _a33p.
500 _a1BM15AT051
502 _8B,Arch
_NBMS College of Architecture, Visvesvaraya Technological University (VTU)
_aProject report
_d2019
650 _aCenter
700 _aBhavesh Mehta
_eGuide
700 _aPrathima
_eGuide
942 _2ddc
_cTHE